000 00417nam a2200181Ia 4500
001 3507
005 20260306145648.0
008 260306t2002||||xx |||||||||||||| ||spa||
041 _aESP
082 _a282.8
_bN47C
100 _aNewman, John Henry
_eAUT
245 0 _aLas armas de los santos
260 _c2002
300 _a135 páginas :
_c19 cm.
650 _aGEN
654 _aCHU
942 _cLIB
_dJUS
_fJUS
_2ddc
_n
999 _c3507
_d3507